Principles of Business Education (Record no. 2393)

MARC details
005 - DATE AND TIME OF LATEST TRANSACTION
control field 20250516112357.0
020 ## - INTERNATIONAL STANDARD BOOK NUMBER
International Standard Book Number 0070649685
082 ## - DEWEY DECIMAL CLASSIFICATION NUMBER
Classification number LECT 373.246 TON
100 ## - MAIN ENTRY--PERSONAL NAME
Author name TONNE, H. A.
245 ## - TITLE STATEMENT
Title Principles of Business Education
250 ## - EDITION STATEMENT
Edition statement 4th Ed.
260 ## - PUBLICATION, DISTRIBUTION, ETC.
Place of publication, distribution, etc. New York,
Name of publisher, distributor, etc. McGraw-Hill,
Date of publication, distribution, etc. 1970.
300 ## - PHYSICAL DESCRIPTION
Extent vi, 532p.: ill.; table.
Other physical details Index,
Dimensions 23cm.
700 ## - ADDED ENTRY--PERSONAL NAME
Other authors/Editors NANASSY, L. C.
942 ## - ADDED ENTRY ELEMENTS (KOHA)
Source of classification or shelving scheme Dewey Decimal Classification
Koha item type Books
Holdings
Date last seen Total checkouts Full call number Barcode Cost, replacement price Price effective from Koha item type Lost status Source of classification or shelving scheme Damaged status Not for loan Withdrawn status Home library Current library Shelving location Date acquired Cost, normal purchase price
05/16/2025   LECT 373.246 TON 0000009001 30000.00 05/16/2025 Books   Dewey Decimal Classification       College of Business Education Main Library College of Business Education Main Library General Collection 02/21/1997 10000.00